000 00790nam a2200265Ia 4500
003 OSt
005 20220928120950.0
006 a|||||r|||| 00| 0
007 ta
008 220927b |||||||| |||| 00| 0 eng d
020 _cEURO 34.99
024 _a143690
037 _b203, 28/02/2020, Classic Book Service
_cTextual
040 _aSDCL
_cSDCL
_beng
041 _2eng
_aeng
082 _aB37:1, Q9
100 _aShirali Satish
245 0 _aMeasure and integration
260 _aSwitzerland
_bSpringer
_c2019
300 _axii,598p.
_ccm.
650 _aMathematics
700 _a Vasudeva Harkrishan Lal
_9427597
942 _hB37:1, Q9
_cTEXL
_2CC
999 _c765486
_d765486